00264nam a2200109Ia 4500003000400000008004100004100001800045245004400063260003100107300000800138650000800146OSt191201s2015 xx 000 0 und d aMITRA,Barun K 0aPersonality Development and Soft Skills aN. DelhibOxford pubc2015 a258 aBBA